000
00183nam a2200085Ia 4500
008
170620s9999 xx 000 0 und d
100
_a
Verma -V. P
245
0
_a
Corporate Law
260
_b
Taxmanns
260
_c
1998
999
_c
28387
_d
28387